000 00402 a2200157 4500
001 44546
020 _a8574160725
040 _cAnchieta - Aquarius
100 _aRosa, Nereide S. Santa
240 1 0 _a/Monteiro Lobato
_lpor
245 1 0 _a/Monteiro Lobato
300 _a
362 0 _a1999
650 4 _aPessoas em literatura, história, biografia, genealogia (incluindo historiadores)
942 _cBK
999 _c44546
_d44546